Polymer colloids: A comprehensive introduction (Record no. 42626)

MARC details
000 -LEADER
fixed length control field 00404nam a2200145Ia 4500
020 ## - INTERNATIONAL STANDARD BOOK NUMBER
ISBN 0122577450
082 ## - DEWEY DECIMAL CLASSIFICATION NUMBER
Classification number 678.01:541.18
Item number FIT
100 ## - MAIN ENTRY--AUTHOR NAME
Personal name Fitch, Robert M
245 #0 - TITLE STATEMENT
Title Polymer colloids: A comprehensive introduction
260 ## - PUBLICATION, DISTRIBUTION, ETC. (IMPRINT)
Place of publication San Diego
Name of publisher Academic Press
Year of publication 1997
650 ## - SUBJECT ADDED ENTRY--TOPICAL TERM
Topical Term Emulsion polymerization
650 ## - SUBJECT ADDED ENTRY--TOPICAL TERM
Topical Term Latex stability
942 ## - ADDED ENTRY ELEMENTS (KOHA)
Koha item type Books
Holdings
Withdrawn status Lost status Damaged status Not for loan Home library Current library Date acquired Cost, normal purchase price Full call number Accession Number Koha item type
        RRII Library RRII Library 16/12/2021 225.00 678.01:541.18 FIT 22895 Books